000
00332nam a2200133Ia 4500
008
230627s9999 xx 000 0 und d
020
_a
81-87629-37-1
041
_a
mar
082
_a
342
_b
SIN
100
_a
Singhvi
245
_a
Constitution Of India Vol-ii
250
_a
2ed.
260
_a
New Delhi
_b
Modern Law Publications
_c
2006
999
_c
688805
_d
688805